|
|
|
|
| LEADER |
02743nam a2200721 i 4500 |
| 001 |
nkc20182977141 |
| 003 |
CZ PrNK |
| 005 |
20180705021447.0 |
| 007 |
ta |
| 008 |
180131s2017 xr a e 000 1 cze |
| 015 |
|
|
|a cnb002977141
|
| 020 |
|
|
|a 978-80-7453-898-8
|q (brožováno)
|
| 035 |
|
|
|a (OCoLC)1043891447
|
| 040 |
|
|
|a OLA001
|b cze
|e rda
|
| 043 |
|
|
|a e-uk-en
|
| 045 |
|
|
|a x-x-
|
| 072 |
|
7 |
|a 27-5
|x Liturgie. Křesťanské umění a symbolika. Duchovní život
|2 Konspekt
|9 5
|
| 080 |
|
|
|a 27-534.3
|2 MRF
|
| 080 |
|
|
|a 27-4
|2 MRF
|
| 080 |
|
|
|a 27-184
|2 MRF
|
| 080 |
|
|
|a 2-587.7
|2 MRF
|
| 080 |
|
|
|a 27
|2 MRF
|
| 080 |
|
|
|a 821.111-3
|2 MRF
|
| 080 |
|
|
|a 82-93
|2 MRF
|
| 080 |
|
|
|a 82.07
|2 MRF
|
| 080 |
|
|
|a (410.1)
|2 MRF
|
| 080 |
|
|
|a (049)
|2 MRF
|
| 080 |
|
|
|a (082.22)
|2 MRF
|
| 100 |
1 |
|
|a Finwen, Laisi,
|d 1960-
|7 mzk2011663808
|4 aut
|
| 245 |
1 |
0 |
|a O modlitbě :
|b s Medvídkem Pú : (určeno dospělým, kteří dosud nepřestali mít rádi Medvídka Pú) /
|c Laisi Finwen
|
| 246 |
1 |
|
|i Název v tiráži:
|a S Medvídkem Pú o modlitbě
|
| 246 |
1 |
4 |
|a S Medvídkem Pú a přece pro dospělé o modlitbě
|
| 250 |
|
|
|a 1. vydání
|
| 264 |
|
1 |
|a Týn nad Vltavou :
|b Nová Forma,
|c 2017
|
| 300 |
|
|
|a 51 stran :
|b ilustrace ;
|c 21 cm
|
| 336 |
|
|
|a text
|b txt
|2 rdacontent
|
| 337 |
|
|
|a bez média
|b n
|2 rdamedia
|
| 338 |
|
|
|a svazek
|b nc
|2 rdacarrier
|
| 600 |
1 |
7 |
|a Milne, Alan Alexander,
|d 1882-1956.
|t Winnie-the-Pooh
|7 aun2006373190
|2 czenas
|
| 648 |
|
7 |
|a 20. století
|7 ch460558
|2 czenas
|
| 650 |
0 |
7 |
|a křesťanská modlitba
|7 ph122103
|2 czenas
|
| 650 |
0 |
7 |
|a křesťanský život
|7 ph122132
|2 czenas
|
| 650 |
0 |
7 |
|a Bůh a člověk
|7 ph116953
|2 czenas
|
| 650 |
0 |
7 |
|a duchovní zkušenosti
|7 ph547723
|x křesťanské pojetí
|2 czenas
|
| 650 |
0 |
7 |
|a anglická próza
|7 ph114053
|y 20. století
|2 czenas
|
| 650 |
0 |
7 |
|a literatura pro děti a mládež
|7 ph138316
|z Anglie
|y 20. století
|2 czenas
|
| 650 |
0 |
7 |
|a interpretace a přijetí literárního díla
|7 ph137145
|2 czenas
|
| 650 |
0 |
9 |
|a Christian prayer
|2 eczenas
|
| 650 |
0 |
9 |
|a Christian life
|2 eczenas
|
| 650 |
0 |
9 |
|a relations between God and man
|2 eczenas
|
| 650 |
0 |
9 |
|a spiritual experiences
|x Christian approach
|2 eczenas
|
| 650 |
0 |
9 |
|a English prose literature
|y 20th century
|2 eczenas
|
| 650 |
0 |
9 |
|a children's and juvenile literature
|z England
|y 20th century
|2 eczenas
|
| 650 |
0 |
9 |
|a interpretation and reception of literature
|2 eczenas
|
| 655 |
|
7 |
|a pojednání
|7 fd133056
|2 czenas
|
| 655 |
|
7 |
|a výňatky
|7 fd185966
|2 czenas
|
| 655 |
|
9 |
|a essays
|2 eczenas
|
| 655 |
|
9 |
|a excerpts
|2 eczenas
|
| 910 |
2 |
|
|a BOA001
|b 2-1405.203
|
| 990 |
|
|
|a BK
|
| 995 |
|
|
|a 01
|
| 991 |
|
|
|b 201803
|c NOV
|
| 996 |
6 |
|
|b 2610737259
|c 2-1405.203
|l MZK
|r Sklad / do 1 hodiny
|n 2
|p p.v.
|w 001655893
|u 000010
|a 1
|e BOA001
|j MZK50
|s P
|